000 01061cam a22003377a 4500
003 CHAP
005 20220817041000.0
008 971013s1990 r 00010 d
010 _a3941
011 _a4913
035 _a4118
040 _cCHAP
082 _a641.10913
_bF33f
110 _aFAO
245 0 _aUtilisation des aliments tropicaux
_b: ceréales
260 _aRome :
_bFAO,
_c1990
300 _a120 p.
_b: ilus
490 0 _aFAO. Alimentación y nutrición
_v; 47/1
590 _aBATCH-UPD
_b10
_c20130110
_lUCH01
_h0231
590 _aBATCH-UPD
_b10
_c20130110
_lUCH01
_h1152
590 _aBATCH-UPD
_b10
_c20130409
_lUCH01
_h2254
590 _aBATCH-UPD
_b10
_c20130914
_lUCH01
_h0117
590 _aCONVERSION
_b10
_c20130109
_lUCH01
_h1303
650 1 4 _aAlimentos
_xTrópicos.
_94297
650 1 4 _aAlimentos
_xValor nutritivo.
_94298
650 1 4 _aCereales
_xValor nutritivo.
_921476
830 0 _aFAO. Alimentación y nutrición
_v; 47/1
_939449
901 _aBK
942 _cLIBRO
949 _a641.10913 F33f
_bBC
_cFAO
_d-13650
_eFAO1
_h79505
_i4118
_mD
_si
999 _c3941
_d3941